Manažerské účetnictví pro strategické řízení

Na minha lista:
Detalhes bibliográficos
Autor principal: Šoljaková, Libuše
Formato: Livro
Idioma:tcheco
Publicado em: Praha Management Press 2003
Assuntos:
Tags: Adicionar Tag
Sem tags, seja o primeiro a adicionar uma tag!

MARC

LEADER 00000nam$a2200000$$$4500
001 0002363
005 20240313133145.9
020 |a 80-7261-087-2 
041 0 |a cze 
044 |a CZ 
245 1 0 |a Manažerské účetnictví pro strategické řízení  |c Libuše Šoljaková 
264 1 |a Praha  |b Management Press  |c 2003 
300 |a 146 s. 
610 2 0 |a účtovníctvo manažérske 
610 2 0 |a riadenie strategické 
610 2 0 |a prostredie podnikateľské 
610 2 0 |a riadenie procesné 
610 2 0 |a JIT 
610 2 0 |a kalkulácia 
610 2 0 |a kalkulácia nákladov 
610 2 0 |a plán podnikateľský 
610 2 0 |a plán 
610 2 0 |a rozpočty 
100 1 |a Šoljaková, Libuše